000 00742nam a2200265Ia 4500
003 OSt
005 20220918200256.0
006 a|||||r|||| 00| 0
007 ta
008 220917b |||||||| |||| 00| 0 eng d
024 _a88,135
037 _cTextual
040 _aARTS
_cARTS
_beng
041 _2eng
_aeng
082 _aT4:(R), L8
100 _aBrubacher John S.
_910798
245 0 _aOn the philosophy of higher education
260 _aSan
_bFrancisco Jossey Bass
_c1978
300 _axii, 143p.
_ccm.
490 _aJossey Bass series in the higher education
500 _aBibliography p125--136
650 _aHIGHER EDUCATION
942 _hT4:(R), L8
_cTEXL
_2CC
999 _c211825
_d211825